Le quiz de la congolexicomatisation - Statistiques

Statistiques générales
  • Ce quiz a été pris 475 fois
  • Le résultat moyen est 5 sur 10
Statistiques - réponses
Question Réponse % Correct
Dans quel pays vit-il? Rép. Dém. Congo
97%
Quel est le nom du personnage principal? Eddy Malou
83%
Dans quelle ville vit-il? Kinshasa
76%
Selon le personnage, quel processus est à l'œuvre sur le marché de son pays? Congolexicomatisation
64%
Quel signe de ponctuation trouve-t-on entre le nom et le prénom du personnage principal? Trait d'union
59%
De quel sport l'interviewer souhaite-t-il vraiment parler? Roller
52%
Le personnage principal revendique être le premier de son pays. Savant
42%
Dans quel pays se trouvent les végétariens selon le personnage principal? Brésil
11%
Par quelle formule de politesse le personnage principal conclut-il son interview? Je vous en prie.
11%
Que signifie l'acronyme TGO? Théorie Générale des Organisations
8%
Aucun quiz correspondant
Distribution des résultats
% des personnes avec chaque résultat
Percentile par nombre de réponses
Votre historique - résultats
Vous n’avez pas pris ce quiz